[Event "38th Nezhmetdinov Mem"]
[Site "Kazan RUS"]
[Date "2016.06.06"]
[Round "7.24"]
[White "Yandemirov, Valeri"]
[Black "Kalinin, Nikita"]
[Result "1/2-1/2"]
[WhiteTitle "GM"]
[WhiteElo "2388"]
[BlackElo "2194"]
[WhiteFideId "4102622"]
[BlackFideId "24155390"]
[EventDate "2016.05.31"]

1. e4 e5 2. Nf3 Nc6 3. Nc3 Nf6 4. d4 exd4 5. Nxd4 Bb4 6. Nxc6 bxc6 7. Bd3 d5 8.
exd5 cxd5 9. O-O O-O 10. Bg5 c6 11. Qf3 Bd6 12. h3 Rb8 13. Rab1 Re8 14. b3 h6
15. Bf4 Be6 16. Rbd1 Rb4 17. Bxd6 Qxd6 18. Rfe1 Rb7 19. Ne2 Rbe7 20. Qf4 Qxf4
21. Nxf4 g5 22. Ne2 Bf5 23. Kf1 Bxd3 24. cxd3 c5 25. Nc3 Rxe1+ 26. Rxe1 Rxe1+
27. Kxe1 Kf8 28. d4 c4 29. bxc4 dxc4 30. Nb5 a6 31. Nd6 Nd5 32. Nxc4 Nb4 33. a3
Nc2+ 34. Kd2 Nxd4 35. Kc3 Ne6 36. Kb4 Nf4 37. Ne3 Ke8 38. Ka5 Kd7 39. Kxa6 Kc6
40. Ng4 Nxg2 41. Nxh6 f6 42. Ng8 Nf4 43. Nxf6 Nxh3 44. Ng4 Kc7 45. Kb5 Kb7 46.
f3 Nf4 47. Ne5 Ne6 48. Kc4 Kb6 49. Kb4 Nd4 50. a4 Nc2+ 51. Kc3 Ne1 52. Kc4 Ka5
53. Kb3 Ka6 54. Kb4 Nc2+ 55. Kc3 Ne1 56. Kc4 Ka5 57. Kb3 Ka6 58. Ka3 Nc2+ 59.
Kb2 Ne1 60. Kb3 Kb6 61. Nc4+ Ka6 62. Nd2 Kb6 63. Kb4 Nd3+ 64. Ka3 Ne1 65. Kb3
Ka6 1/2-1/2

[Event "38th Nezhmetdinov Mem"]
[Site "Kazan RUS"]
[Date "2016.06.06"]
[Round "7.25"]
[White "Nikitenko, Mihail"]
[Black "Akhtariev, Andrey"]
[Result "1/2-1/2"]
[WhiteElo "2374"]
[BlackElo "1927"]
[WhiteFideId "13506862"]
[BlackFideId "34112275"]
[EventDate "2016.05.31"]

1. e4 c5 2. Nf3 e6 3. d4 cxd4 4. Nxd4 Nf6 5. Nc3 Nc6 6. Ndb5 Bb4 7. a3 Bxc3+ 8.
Nxc3 d5 9. exd5 exd5 10. Bd3 O-O 11. O-O d4 12. Ne2 Bg4 13. f3 Bh5 14. Nf4 Bg6
15. Nxg6 hxg6 16. f4 Ne7 17. Qf3 Qd5 18. Bd2 Rfe8 19. Rad1 Nf5 20. Bc1 Qxf3 21.
Rxf3 Rac8 22. h3 Nd5 23. g4 Nfe3 24. Re1 Kf8 25. Re2 Nxc2 26. Rxc2 Rxc2 27. Bxc2
Rc8 28. Rf2 d3 29. Bxd3 Rxc1+ 30. Kg2 b6 31. Be4 Rd1 32. Kg3 Rd4 33. Re2 f5 34.
gxf5 gxf5 35. Bxd5 Rxd5 36. Kh4 Rd3 37. Rc2 Rb3 38. Rc3 Rxb2 39. Kg5 a5 40. Kxf5
a4 41. Kg6 Rg2+ 42. Kh7 b5 43. Rc5 Rg3 44. Rf5+ Ke7 45. Rxb5 Kf6 46. h4 Rg4 47.
h5 Rxf4 48. Rb6+ Kg5 49. Rb5+ Kf6 50. Ra5 Rh4 51. Ra6+ Kf7 52. Ra7+ Kf6 53. Ra5
Rh3 54. Ra6+ 1/2-1/2

[Event "38th Nezhmetdinov Mem"]
[Site "Kazan RUS"]
[Date "2016.06.06"]
[Round "7.26"]
[White "Gubajdullin, Alexei"]
[Black "Baraeva, Marina"]
[Result "1-0"]
[WhiteTitle "FM"]
[BlackTitle "WIM"]
[WhiteElo "2346"]
[BlackElo "2208"]
[WhiteFideId "4141202"]
[BlackFideId "24142573"]
[EventDate "2016.05.31"]

1. Nf3 d5 2. e3 Nf6 3. b3 g6 4. Bb2 Bg7 5. Be2 O-O 6. O-O c5 7. d3 Nc6 8. Ne5
Nxe5 9. Bxe5 Nd7 10. Bxg7 Kxg7 11. c4 Nf6 12. cxd5 Nxd5 13. Qc2 b6 14. Qb2+ Kg8
15. a3 Bb7 16. b4 Rc8 17. b5 Re8 18. Nd2 e5 19. Nc4 Qe7 20. Rfd1 Rcd8 21. Bf3
Rd7 22. Rd2 f6 23. h4 Kg7 24. h5 Qe6 25. Rc1 Red8 26. Qb3 Ne7 27. Bxb7 Rxb7 28.
Qd1 Rbd7 29. g3 Rd5 30. Kg2 Qd7 31. Qf3 Ng8 32. hxg6 hxg6 33. Rcd1 Qxb5 34. e4
Rd4 35. Ne3 Ne7 36. Ng4 Qc6 37. Rh1 Ng8 38. Rdd1 c4 39. Nxe5 Qe8 40. Nxc4 Nh6
41. Ne3 Nf7 42. Nd5 Ng5 43. Qe3 Ra4 44. Rc1 Rxa3 45. Rc7+ Rd7 46. Rxd7+ Qxd7 47.
Nxf6 Qxd3 48. Nh5+ Kg8 49. Qxg5 Qf3+ 50. Kh2 Qxh5+ 51. Qxh5 gxh5 52. Kh3 Kg7 53.
f4 b5 54. Rb1 a6 55. Kh4 Rc3 56. Ra1 Rc6 57. Kxh5 b4 58. g4 b3 59. f5 b2 60. Rb1
Rb6 61. e5 a5 62. f6+ Kf8 63. g5 a4 64. g6 a3 65. Rd1 Rb8 66. g7+ Kf7 67. Rd7+
Ke6 68. Re7+ Kf5 69. f7 b1=Q 70. f8=Q+ Ke4 71. g8=Q Qh1+ 72. Kg6 Qg2+ 73. Kh7
Qh3+ 74. Kg7 Qg4+ 75. Kh8 Qh5+ 76. Rh7 Qxe5+ 77. Qfg7 Rxg8+ 78. Kxg8 1-0

[Event "38th Nezhmetdinov Mem"]
[Site "Kazan RUS"]
[Date "2016.06.06"]
[Round "7.27"]
[White "Murtazin, Ruslan"]
[Black "Fakhrutdinov, Timur"]
[Result "0-1"]
[BlackTitle "FM"]
[WhiteElo "2050"]
[BlackElo "2336"]
[WhiteFideId "24175960"]
[BlackFideId "24176702"]
[EventDate "2016.05.31"]

1. d4 Nf6 2. c4 e6 3. g3 d5 4. Bg2 Be7 5. Nf3 O-O 6. O-O dxc4 7. Ne5 Nc6 8. Nxc6
bxc6 9. Bxc6 Rb8 10. Nc3 Bb7 11. Bxb7 Rxb7 12. Qa4 Qxd4 13. Be3 Qe5 14. Qxc4 c5
15. Bf4 Qh5 16. Qa6 Rxb2 17. Qxa7 Ng4 18. h4 Bf6 19. Ne4 Rxe2 20. Nxf6+ Nxf6 21.
Bd6 Rc8 22. Qa6 Re8 23. Bxc5 Ne4 24. Qc6 f6 25. Bb6 Qg6 26. Bc7 Re7 27. Rae1
Rxe1 28. Rxe1 f5 29. Be5 Qg4 30. a4 Qf3 31. Qb6 Qd3 32. Qb5 Qc2 33. Re2 0-1

[Event "38th Nezhmetdinov Mem"]
[Site "Kazan RUS"]
[Date "2016.06.06"]
[Round "7.28"]
[White "Alekseeva, Irina"]
[Black "Aleksandrov, Aleksej"]
[Result "0-1"]
[BlackTitle "GM"]
[WhiteElo "2177"]
[BlackElo "2592"]
[WhiteFideId "24178683"]
[BlackFideId "13500139"]
[EventDate "2016.05.31"]

1. e4 e5 2. Nf3 Nc6 3. Nc3 Nf6 4. a3 g6 5. d4 exd4 6. Nxd4 Bg7 7. Nxc6 bxc6 8.
Bg5 h6 9. Bh4 O-O 10. Qd3 d5 11. O-O-O g5 12. Bg3 Nxe4 13. Nxe4 Bf5 14. f3 Qe7
15. Re1 Rfe8 16. Qa6 dxe4 17. Qxc6 Rab8 18. c3 e3 19. Bc4 Qxa3 20. Bxf7+ Kh7 21.
Bg6+ Bxg6 22. Qxg6+ Kxg6 23. bxa3 Rb3 24. Re2 Rxc3+ 25. Rc2 Rxa3 26. Rc6+ Kh7
27. Re1 Rc3+ 28. Rxc3 Bxc3 29. Re2 Bd2+ 0-1

[Event "38th Nezhmetdinov Mem"]
[Site "Kazan RUS"]
[Date "2016.06.06"]
[Round "7.29"]
[White "Korchmar, Vasiliy"]
[Black "Markelova, Lubov"]
[Result "1/2-1/2"]
[WhiteTitle "IM"]
[BlackTitle "WFM"]
[WhiteElo "2437"]
[BlackElo "2059"]
[WhiteFideId "24131750"]
[BlackFideId "24131369"]
[EventDate "2016.05.31"]

1. d4 d5 2. c4 c6 3. Nf3 Nf6 4. g3 Bf5 5. Nc3 e6 6. Nh4 Be4 7. f3 Bg6 8. Qb3 Qb6
9. Nxg6 hxg6 10. c5 Qxb3 11. axb3 Na6 12. e3 Nc7 13. b4 a6 14. Bd3 Be7 15. O-O
O-O 16. Bd2 Rfe8 17. Kg2 Rad8 18. f4 Nd7 19. g4 f5 20. g5 Kf7 21. h4 Rh8 22. Rh1
Rh7 23. Be1 Rdh8 24. Bf2 Re8 1/2-1/2

[Event "38th Nezhmetdinov Mem"]
[Site "Kazan RUS"]
[Date "2016.06.06"]
[Round "7.30"]
[White "Mukhutdinov, Tigran"]
[Black "Sharafiev, Azat"]
[Result "0-1"]
[BlackTitle "IM"]
[WhiteElo "2098"]
[BlackElo "2435"]
[WhiteFideId "34108570"]
[BlackFideId "4186214"]
[EventDate "2016.05.31"]

1. e4 c5 2. Nf3 e6 3. d4 cxd4 4. Nxd4 a6 5. Bd3 Ne7 6. Nc3 Nbc6 7. Be3 Nxd4 8.
Bxd4 Nc6 9. Be3 b5 10. O-O Be7 11. Qd2 Bb7 12. Ne2 O-O 13. Nd4 Ne5 14. f3 d5 15.
exd5 Bxd5 16. Qf2 Nxd3 17. cxd3 Qd7 18. Ne2 Rac8 19. Rfc1 Rxc1+ 20. Nxc1 Rc8 21.
Qd2 e5 22. Ne2 h6 23. Nc3 Bb7 24. Rc1 b4 25. Ne2 Rd8 26. Rd1 Qe6 27. Nc1 e4 28.
fxe4 Bxe4 29. Qe2 Bd5 30. b3 Qg6 31. d4 Re8 32. Bf4 Bf8 33. Qf2 Re4 34. Bg3 h5
35. Nd3 h4 36. Be5 f6 37. Nf4 Qg4 38. Rd2 Bb7 39. Bc7 Qd7 40. Ba5 Qb5 41. Bc7
Qd7 42. Ba5 Bd6 43. Nd3 Qb5 44. Bd8 Re8 45. Bxf6 Rf8 46. Qxh4 Rxf6 47. h3 Qf5
48. Rd1 Bxg2 0-1

[Event "38th Nezhmetdinov Mem"]
[Site "Kazan RUS"]
[Date "2016.06.06"]
[Round "7.31"]
[White "Sinyanskiy, Maxim"]
[Black "Korniushin, Nikolay"]
[Result "0-1"]
[BlackTitle "IM"]
[WhiteElo "2042"]
[BlackElo "2348"]
[WhiteFideId "4178068"]
[BlackFideId "4123808"]
[EventDate "2016.05.31"]

1. e4 e6 2. d4 d5 3. Nd2 Nf6 4. e5 Nfd7 5. Bd3 c5 6. c3 Nc6 7. Ne2 cxd4 8. cxd4
f6 9. Nf4 Nxd4 10. Qh5+ Ke7 11. Ng6+ hxg6 12. exf6+ Kxf6 13. Qxh8 Kf7 14. O-O
Nc5 15. Bb1 e5 16. Nf3 Nxf3+ 17. gxf3 Qf6 18. Kg2 Bd6 19. Qh7 Ne6 20. a4 Nd4 21.
f4 e4 22. Ba2 Be6 23. Rd1 Rc8 24. Be3 Nc2 25. Rxd5 Nxe3+ 26. fxe3 Qxb2+ 27. Kg3
Qxa1 28. Rf5+ Ke7 29. Bxe6 Qg1+ 30. Kh3 gxf5 31. Qxf5 Rh8+ 0-1

[Event "38th Nezhmetdinov Mem"]
[Site "Kazan RUS"]
[Date "2016.06.06"]
[Round "7.32"]
[White "Musaev, Rasul"]
[Black "Galaktionov, Artem"]
[Result "0-1"]
[WhiteTitle "FM"]
[WhiteElo "2310"]
[BlackElo "2181"]
[WhiteFideId "24146870"]
[BlackFideId "24175471"]
[EventDate "2016.05.31"]

1. e4 c6 2. d4 d5 3. e5 Bf5 4. h4 h5 5. Bg5 Qb6 6. Bd3 Bxd3 7. Qxd3 e6 8. Nd2 c5
9. c3 Nc6 10. Ne2 cxd4 11. cxd4 Be7 12. O-O Bxg5 13. hxg5 Nge7 14. Nf3 Rc8 15.
Rfc1 O-O 16. a3 Na5 17. b4 Rxc1+ 18. Rxc1 Nc4 19. Nf4 g6 20. g4 hxg4 21. Nh2 Nf5
22. Ne2 Qd8 23. Nxg4 Qxg5 24. Qh3 Kg7 25. f4 Qh4 26. Qf3 Rh8 0-1

[Event "38th Nezhmetdinov Mem"]
[Site "Kazan RUS"]
[Date "2016.06.06"]
[Round "7.33"]
[White "Ioffe, Dmitry"]
[Black "Filipenko, Alexander V"]
[Result "1/2-1/2"]
[BlackTitle "IM"]
[WhiteElo "2058"]
[BlackElo "2278"]
[WhiteFideId "4185617"]
[BlackFideId "4104471"]
[EventDate "2016.05.31"]

1. d4 d5 2. c4 c6 3. Nf3 Nf6 4. Nc3 e6 5. Bg5 h6 6. Bxf6 Qxf6 7. Qb3 dxc4 8.
Qxc4 Nd7 9. g3 e5 10. Bg2 Nb6 11. Qd3 exd4 12. Nxd4 Bc5 13. Nf3 Bf5 14. e4 Rd8
15. Qc2 Bg4 16. e5 Qf5 17. Qxf5 Bxf5 18. O-O g5 19. a3 a5 20. Rac1 Be7 21. Rfd1
Rxd1+ 22. Nxd1 O-O 23. Ne3 Bc8 24. Nd2 Rd8 25. Ndc4 Nxc4 26. Nxc4 a4 27. Nb6 Be6
28. Nxa4 Rd2 29. Kf1 g4 30. Ke1 Bg5 31. Nc5 Rxb2 32. Rd1 Bc4 33. Bf1 Bd5 34. Bd3
Bf3 35. Rb1 Bd2+ 36. Kf1 Rxb1+ 37. Bxb1 b5 38. a4 Bb4 39. Nd3 Bc3 40. axb5 cxb5
41. Ba2 Ba1 42. e6 fxe6 43. Bxe6+ Kg7 44. Nc5 Bc3 45. h3 h5 46. hxg4 hxg4 47.
Nd3 Kf6 48. Bd7 b4 49. Nxb4 Bxb4 50. Bc8 Ke5 51. Bd7 Kd4 52. Bc8 Kd3 53. Ba6+
Kd2 54. Bb5 Bc5 55. Ba6 Be4 56. Bc8 Bf3 57. Ba6 Be7 58. Bb5 Bd8 59. Ba6 Bc7 60.
Bb5 Ba5 1/2-1/2

[Event "38th Nezhmetdinov Mem"]
[Site "Kazan RUS"]
[Date "2016.06.06"]
[Round "7.34"]
[White "Zhitnikov, Konstantin"]
[Black "Kalabukhov, Bogdan"]
[Result "1-0"]
[WhiteElo "2274"]
[BlackElo "2056"]
[WhiteFideId "34152846"]
[BlackFideId "34102865"]
[EventDate "2016.05.31"]

1. e4 c5 2. c3 Nf6 3. e5 Nd5 4. d4 cxd4 5. Nf3 Nc6 6. cxd4 d6 7. Bc4 dxe5 8.
Bxd5 Qxd5 9. Nc3 Qd6 10. d5 Nd4 11. Nxd4 exd4 12. Qxd4 e5 13. Qd3 Bd7 14. O-O
Qg6 15. Qe2 Bd6 16. f4 O-O 17. fxe5 Rfe8 18. Bf4 Bxe5 19. Bxe5 f6 20. Rae1 Rxe5
21. Qf2 Rg5 22. Re3 b5 23. Rfe1 b4 24. Ne4 Rf5 25. Qd2 Qf7 26. Qxb4 Qxd5 27. Nc3
Qc5 28. Qb3+ Kh8 29. Ne4 Qb6 30. Qxb6 axb6 31. Nc3 h6 32. Re7 Bc6 33. Rc7 Re8
34. Rxe8+ Bxe8 35. Rb7 b5 36. Rb8 Re5 37. Nxb5 Kh7 38. Nc3 Bc6 39. Rd8 h5 40.
Rd2 h4 41. b4 Re1+ 42. Kf2 Rc1 43. Ne2 Rb1 44. Nd4 Bd5 45. a3 Bb7 46. Ne6 Ra1
47. b5 h3 48. gxh3 Rxa3 49. Nc5 Bh1 50. Rb2 Rc3 51. Ne6 Bd5 52. b6 Rxh3 53. Kg1
Re3 54. Nc5 Re8 55. Kf2 g5 56. Nd7 Kg6 57. b7 Bxb7 58. Rxb7 Rh8 59. Kg2 f5 60.
Ne5+ 1-0

[Event "38th Nezhmetdinov Mem"]
[Site "Kazan RUS"]
[Date "2016.06.06"]
[Round "7.35"]
[White "Obodenko, Amir"]
[Black "Terentev, Mikhail"]
[Result "1-0"]
[WhiteElo "2263"]
[BlackElo "2024"]
[WhiteFideId "34101176"]
[BlackFideId "24183814"]
[EventDate "2016.05.31"]

1. Nf3 Nf6 2. g3 g6 3. Bg2 Bg7 4. O-O O-O 5. d4 d6 6. c4 Nc6 7. d5 Na5 8. Nbd2
c5 9. a3 b5 10. cxb5 Nxd5 11. Nb3 Nxb3 12. Qxb3 Nb6 13. a4 Rb8 14. Rd1 Be6 15.
Qc2 h6 16. Bd2 Nc4 17. Bc3 Na5 18. Nd2 Qb6 19. b4 Bxc3 20. Qxc3 cxb4 21. Qxb4 a6
22. Qh4 Kg7 23. Qxe7 axb5 24. axb5 Nb3 25. Nxb3 Bxb3 26. Rxd6 Qxb5 27. Be4 Kg8
28. Ra7 1-0

[Event "38th Nezhmetdinov Mem"]
[Site "Kazan RUS"]
[Date "2016.06.06"]
[Round "7.36"]
[White "Bilan, Danila"]
[Black "Mischeryakov, Alexey"]
[Result "1-0"]
[WhiteElo "2244"]
[BlackElo "1976"]
[WhiteFideId "24161918"]
[BlackFideId "34156434"]
[EventDate "2016.05.31"]

1. d4 d5 2. c4 c6 3. Nf3 e6 4. Qc2 dxc4 5. Qxc4 b5 6. Qc2 Bb7 7. e3 Nf6 8. Bd2
Be7 9. Bd3 Nbd7 10. a3 a5 11. O-O Qb6 12. Nc3 Ba6 13. Ne4 Nxe4 14. Bxe4 Rc8 15.
b4 a4 16. Rfc1 Bb7 17. Bd3 h5 18. e4 g5 19. Nxg5 Bxg5 20. Bxg5 Qxd4 21. Rd1 Qg7
22. f4 f6 23. Bh4 Qg4 24. Qf2 Ba6 25. Be2 Qg7 26. Qa7 Rg8 27. Bxh5+ Kf8 28. Bf3
Nb8 29. Qc5+ Qe7 30. Rd6 Kf7 31. Bh5+ Kg7 32. e5 Rcf8 33. Rad1 Bc8 34. exf6+
Rxf6 35. Qg5+ 1-0

[Event "38th Nezhmetdinov Mem"]
[Site "Kazan RUS"]
[Date "2016.06.06"]
[Round "7.37"]
[White "Filyanin, Daniil"]
[Black "Korovin, Mikhail"]
[Result "0-1"]
[WhiteElo "2006"]
[BlackElo "2240"]
[WhiteFideId "24177300"]
[BlackFideId "24178560"]
[EventDate "2016.05.31"]

1. e4 e6 2. d4 d5 3. Nc3 Bb4 4. e5 c5 5. a3 Bxc3+ 6. bxc3 Ne7 7. Qg4 cxd4 8.
Qxg7 Rg8 9. Qxh7 Qc7 10. Ne2 Nbc6 11. cxd4 Nxd4 12. Rb1 Ndf5 13. Bf4 Qxc2 14.
Rc1 Qa4 15. h3 Bd7 16. g4 Nd4 17. Nxd4 Qxd4 18. Bg3 Qb2 19. Qb1 Qxa3 20. Be2
Qa5+ 21. Kf1 Bc6 22. h4 d4 23. Rh2 O-O-O 24. h5 d3 25. Bxd3 Rxg4 26. h6 Rb4 27.
Qc2 Rh8 28. h7 Kb8 29. Bh4 Nd5 30. Qd2 Bb5 31. Rg2 b6 32. Rg8+ Kb7 33. Rxh8 Rxh4
34. Qg5 Bxd3+ 35. Kg1 Rxh7 36. Rxh7 Bxh7 37. Qd8 Bc2 38. Qd7+ Nc7 39. Rxc2 Qe1+
40. Kh2 Qxe5+ 41. Kg1 Qg5+ 42. Kf1 Qb5+ 43. Qxb5 Nxb5 44. Ke1 Nd6 45. Kd2 b5 46.
Kc3 Kb6 47. Kd4 a5 48. Ke5 Nc4+ 49. Kf6 Kc5 50. f4 a4 51. Kxf7 Kd5 52. Re2 Nd6+
53. Ke7 Nf5+ 54. Kd7 Nd4 55. Re5+ Kc4 56. Kd6 a3 57. Rc5+ Kd3 58. Ke5 a2 59. Rc1
b4 60. Rd1+ Kc2 61. Rf1 Ne2 62. Kxe6 Nxf4+ 63. Ke5 Nd3+ 0-1

[Event "38th Nezhmetdinov Mem"]
[Site "Kazan RUS"]
[Date "2016.06.06"]
[Round "7.38"]
[White "Drogovoz, Irina"]
[Black "Ashrafzianov, Igor"]
[Result "1-0"]
[WhiteTitle "WIM"]
[WhiteElo "2205"]
[BlackElo "1962"]
[WhiteFideId "4176715"]
[BlackFideId "24122572"]
[EventDate "2016.05.31"]

1. d4 Nf6 2. Nf3 c5 3. c4 cxd4 4. Nxd4 e5 5. Nc2 d5 6. Bg5 Bc5 7. e3 Bf5 8. Bxf6
gxf6 9. cxd5 Bxc2 10. Qxc2 Qxd5 11. Bb5+ Nc6 12. O-O Bb4 13. Qa4 Be7 14. Nc3 Qe6
15. Bc4 Qd6 16. Nd5 O-O 17. Rfd1 Rad8 18. Bd3 Nb4 19. Bf5 Qxd5 20. Rxd5 Rxd5 21.
a3 e4 22. Bxe4 Re5 23. Bxb7 Nd3 24. b4 Rd8 25. Qxa7 f5 26. Ba6 Nb2 27. Rb1 Nd1
28. Bc4 Kg7 29. g3 Rd2 30. Qc7 Re4 31. Bb3 Rb2 32. Rxb2 Nxb2 33. Bd5 Rg4 34.
Qxe7 1-0

[Event "38th Nezhmetdinov Mem"]
[Site "Kazan RUS"]
[Date "2016.06.06"]
[Round "7.39"]
[White "Bezdenezhnyh, Pavel"]
[Black "Lilov, Aleksandr"]
[Result "1/2-1/2"]
[WhiteElo "2181"]
[BlackElo "1935"]
[WhiteFideId "24126845"]
[BlackFideId "24180513"]
[EventDate "2016.05.31"]

1. e4 e5 2. Nf3 Nc6 3. Nc3 Nf6 4. Be2 Bb4 5. Nd5 Nxe4 6. Nxb4 Nxb4 7. d3 Nf6 8.
Nxe5 d6 9. Nf3 Be6 10. c3 Nbd5 11. c4 Nb6 12. b3 d5 13. Bb2 dxc4 14. dxc4 O-O
15. Qc2 h6 16. O-O Qe7 17. Rfe1 c5 18. Nh4 Nh7 19. Nf5 Bxf5 20. Qxf5 Qg5 21.
Qxg5 Nxg5 22. h4 Ne6 23. Bf3 Rad8 24. Bxb7 Rd2 25. Bc3 Rd3 26. Rac1 Rfd8 27. Be4
R3d6 28. Kf1 Nd4 29. Rcd1 g6 30. Bb1 Kf8 31. Bb2 Ne6 32. Rxd6 Rxd6 33. g3 Nd7
34. Bc3 1/2-1/2

[Event "38th Nezhmetdinov Mem"]
[Site "Kazan RUS"]
[Date "2016.06.06"]
[Round "7.40"]
[White "Skvortsov, Vladimir"]
[Black "Dzhangobegov, Vladimir"]
[Result "0-1"]
[BlackTitle "FM"]
[WhiteElo "2016"]
[BlackElo "2315"]
[WhiteFideId "24183792"]
[BlackFideId "4180984"]
[EventDate "2016.05.31"]

1. Nf3 Nf6 2. g3 g6 3. Bg2 Bg7 4. O-O O-O 5. d3 d5 6. Nbd2 Nc6 7. c3 a5 8. e4
dxe4 9. dxe4 a4 10. a3 e5 11. Qc2 Qe7 12. Re1 h6 13. Nc4 Be6 14. Nfd2 Qc5 15.
Qd3 b5 16. Ne3 Rad8 17. Qe2 Na5 18. h3 Rfe8 19. Kh2 c6 20. f4 exf4 21. gxf4 Nh5
22. f5 Be5+ 23. Kg1 Nf4 24. Qf3 gxf5 25. Kh1 Nd3 26. exf5 Nxe1 27. Qg4+ Kh8 28.
Ne4 Qf8 29. fxe6 Nxg2 30. Kxg2 Rxe6 31. Nf5 Rg6 0-1

[Event "38th Nezhmetdinov Mem"]
[Site "Kazan RUS"]
[Date "2016.06.06"]
[Round "7.41"]
[White "Glukhov, Alexander"]
[Black "Gagarin, Sergey"]
[Result "0-1"]
[WhiteElo "2286"]
[BlackElo "1997"]
[WhiteFideId "4178882"]
[BlackFideId "24175463"]
[EventDate "2016.05.31"]

1. e4 c5 2. Nf3 d6 3. d4 cxd4 4. Nxd4 Nf6 5. Nc3 a6 6. Bg5 e6 7. f4 Be7 8. Qf3
Qc7 9. O-O-O Nbd7 10. g4 h6 11. Bxf6 Bxf6 12. h4 Qb6 13. Nb3 Qc7 14. Rh3 Be7 15.
g5 Nc5 16. g6 Nxb3+ 17. axb3 O-O 18. Rg3 Bxh4 19. Rg4 Bf6 20. e5 dxe5 21. Ne4
Be7 22. gxf7+ Rxf7 23. Bd3 exf4 24. Rdg1 Qe5 25. Qh3 h5 26. Rg5 Bxg5 27. Rxg5
Rf5 28. Qxh5 Bd7 29. Kb1 Bb5 30. c4 Bc6 31. Rxf5 Qxf5 32. Qh1 Rd8 33. Bc2 Rd4
34. Nf6+ Qxf6 0-1

[Event "38th Nezhmetdinov Mem"]
[Site "Kazan RUS"]
[Date "2016.06.06"]
[Round "7.42"]
[White "Fedotov, Nikita2"]
[Black "Shkuro, Alexandr"]
[Result "0-1"]
[WhiteElo "2192"]
[BlackElo "1992"]
[WhiteFideId "24161446"]
[BlackFideId "4174160"]
[EventDate "2016.05.31"]

1. g3 d5 2. Nf3 Nf6 3. Bg2 e6 4. O-O c5 5. d4 Nc6 6. c4 dxc4 7. Qa4 Bd7 8. dxc5
Qa5 9. Qxc4 Qxc5 10. Qb3 Qb4 11. Qc2 Rc8 12. a3 Qc5 13. Nc3 Be7 14. e4 e5 15.
Be3 Nd4 16. Qd2 Nxf3+ 17. Bxf3 Qa5 18. b4 Qa6 19. Qb2 O-O 20. Rac1 b6 21. Be2
Qb7 22. f3 Be6 23. Nb1 Nd7 24. Nd2 f6 25. Rfd1 Rxc1 26. Rxc1 Rc8 27. Rc3 Nf8 28.
Qc1 Rxc3 29. Qxc3 Qc8 30. Qxc8 Bxc8 31. Nc4 Kf7 32. Kf2 Ne6 33. f4 exf4 34. gxf4
Nc7 35. Ke1 Bb7 36. Bd3 g6 37. Kd2 Ke6 38. Kc2 f5 39. e5 Nd5 40. Bd2 Bc6 41. Kb3
h6 42. a4 g5 43. b5 Bd7 44. Ne3 Nxe3 45. Bxe3 gxf4 46. Bd4 Kd5 47. Bc3 Bc5 48.
Bc4+ Ke4 49. e6 Be8 50. Bg7 h5 51. Kc2 f3 52. Kd2 Bb4+ 53. Kd1 h4 54. h3 Bh5 55.
Bf6 f2+ 56. Kc2 Kf3 57. Bf1 Kg3 58. Be5+ f4 59. Kb3 Bc5 60. Kc4 Be3 61. Kd5 Bg6
62. e7 Kh2 63. Bf6 Kg1 64. Be2 f1=Q 65. Bxf1 Kxf1 66. Bxh4 Kg2 67. Bg5 Kxh3 68.
Kc6 Kg4 69. Bh6 Kh5 70. Bxf4 Bxf4 71. Kd7 Kg5 72. e8=Q Bxe8+ 73. Kxe8 Kf6 74.
Kd7 Ke5 75. Kc6 Bd2 76. Kb7 Kd6 77. Kxa7 Kc7 78. Ka6 Bc3 79. Ka7 Ba5 0-1

[Event "38th Nezhmetdinov Mem"]
[Site "Kazan RUS"]
[Date "2016.06.06"]
[Round "7.43"]
[White "Isaykin, Artem"]
[Black "Voinikonis, Nikita"]
[Result "0-1"]
[WhiteElo "1973"]
[BlackElo "2168"]
[WhiteFideId "34165344"]
[BlackFideId "34187500"]
[EventDate "2016.05.31"]

1. e4 e5 2. Nf3 Nc6 3. Bb5 Nf6 4. d3 d6 5. c3 g6 6. Nbd2 Bg7 7. d4 exd4 8. cxd4
O-O 9. O-O d5 10. e5 Ne4 11. Bxc6 bxc6 12. Qc2 c5 13. Nxe4 dxe4 14. Qxe4 Bf5 15.
Qf4 f6 16. exf6 Rxf6 17. dxc5 Bd3 18. Qa4 Bxf1 19. Kxf1 Qd3+ 20. Kg1 0-1

[Event "38th Nezhmetdinov Mem"]
[Site "Kazan RUS"]
[Date "2016.06.06"]
[Round "7.44"]
[White "Galiev, Irek"]
[Black "Parnali, S Dharia"]
[Result "1-0"]
[BlackTitle "WIM"]
[WhiteElo "1859"]
[BlackElo "2160"]
[WhiteFideId "34147150"]
[BlackFideId "5043131"]
[EventDate "2016.05.31"]

1. d4 g6 2. Nf3 Bg7 3. c4 c5 4. d5 Nf6 5. Nc3 d6 6. e4 O-O 7. Be2 e5 8. O-O Nbd7
9. Ne1 Ne8 10. Nd3 f5 11. f3 f4 12. a3 g5 13. b4 b6 14. Rb1 h5 15. Qa4 Ndf6 16.
bxc5 bxc5 17. Bd2 g4 18. Be1 Nh7 19. Qd1 Qg5 20. Qa4 Qd8 21. Qd1 Qg5 22. Qa4 g3
23. Qc6 Qh4 24. hxg3 fxg3 25. Bxg3 Qxg3 26. Qxa8 Bh3 27. Rf2 Bh6 28. Nd1 Ng5 29.
Ne1 Nxe4 30. fxe4 Be3 31. Bf3 Bxf2+ 32. Nxf2 Bxg2 33. Nxg2 Qxf3 34. Rb2 h4 35.
Qc8 Qxa3 36. Qe6+ Kh8 37. Qh6+ Kg8 38. Qg6+ Kh8 39. Rb7 Qc1+ 40. Kh2 1-0

[Event "38th Nezhmetdinov Mem"]
[Site "Kazan RUS"]
[Date "2016.06.06"]
[Round "7.45"]
[White "Andreev, Viktor"]
[Black "Tretyakov, Stepan"]
[Result "0-1"]
[WhiteTitle "FM"]
[WhiteElo "2128"]
[BlackElo "1967"]
[WhiteFideId "4133277"]
[BlackFideId "24198820"]
[EventDate "2016.05.31"]

1. e4 c5 2. Nf3 Nc6 3. d4 cxd4 4. c3 Nf6 5. e5 Nd5 6. cxd4 d6 7. Bc4 Nb6 8. Bb5
d5 9. O-O Bg4 10. a4 a5 11. Nc3 e6 12. Be2 Be7 13. Nb5 O-O 14. Ne1 Bxe2 15. Qxe2
Qd7 16. Nd3 Nb4 17. Bd2 Nxa4 18. Nf4 Nxb2 0-1

[Event "38th Nezhmetdinov Mem"]
[Site "Kazan RUS"]
[Date "2016.06.06"]
[Round "7.46"]
[White "Tishova, Svetlana"]
[Black "Murzin, Lenar"]
[Result "0-1"]
[BlackTitle "IM"]
[WhiteElo "1946"]
[BlackElo "2104"]
[WhiteFideId "24173550"]
[BlackFideId "4116461"]
[EventDate "2016.05.31"]

1. e4 c5 2. Nf3 e6 3. g3 Nc6 4. Bg2 Nf6 5. Qe2 d6 6. O-O Be7 7. Rd1 O-O 8. d4
cxd4 9. Nxd4 Qc7 10. c4 Nxd4 11. Rxd4 Bd7 12. Nc3 a6 13. b3 Rab8 14. a4 Rfd8 15.
Be3 b6 16. Rc1 Rbc8 17. Rdd1 Qb8 18. f4 Bc6 19. h3 Nd7 20. b4 Ba8 21. Qd3 Bf8
22. Qd4 g6 23. Ne2 Be7 24. Qd3 Bf6 25. Qxd6 Qxd6 26. Rxd6 Be7 27. Rd3 Bxb4 28.
Rcd1 Bc6 29. Bxb6 Bxa4 30. Bxd8 Bxd1 31. Rxd1 Rxd8 32. e5 Kf8 33. Kf1 Ke7 34.
Nd4 Nb8 35. Ke2 Bc5 36. Ke3 a5 37. Bf3 a4 38. Ke4 Bxd4 39. Rxd4 a3 0-1